[Event "POL-ch blitz"]
[Site "Szczawno Zdroj"]
[Date "2018.12.16"]
[Round "5"]
[White "Zochowski, Kacper"]
[Black "Kmiecik, Wojciech"]
[Result "1-0"]
[WhiteElo "2271"]
[BlackElo "1927"]
[PlyCount "75"]
[EventDate "2018.12.16"]
[EventType "swiss (blitz)"]
[EventRounds "15"]
[EventCountry "POL"]
[SourceTitle "CBM 187 Extra"]
[Source "ChessBase"]
[SourceDate "2018.11.04"]
[SourceVersion "1"]
[SourceVersionDate "2018.11.04"]
[SourceQuality "1"]

1. Nf3 Nf6 2. c4 b6 3. g3 Bb7 4. Bg2 e6 5. 0-0 Be7 6. b3 0-0 7. Bb2 d6 8. e3 Nbd7 9. Qe2 Ne4 10. d3 Nef6 11. Nc3 c5 12. Rfd1 a6 13. d4 Qc7 14. d5 exd5 15. cxd5 b5 16. Nh4 Rfe8 17. a3 Bf8 18. Rac1 Ne5 19. Nf3 Nfd7 20. Nxe5 Nxe5 21. e4 c4 22. bxc4 Nxc4 23. Nb1 Qd7 24. Ba1 Rac8 25. Qa2 Qe7 26. Nd2 Nxd2 27. Qxd2 Rxc1 28. Rxc1 Rc8 29. Rxc8 Bxc8 30. Qc3 Bg4 31. f3 Bc8 32. Qxc8 f5 33. Qxf5 g6 34. Qe6+ Qxe6 35. dxe6 Be7 36. f4 Bd8 37. f5 Kf8 38. f6 1-0

[Event "POL-chT 2nd League"]
[Site "Szklarska Poreba"]
[Date "2017.09.08"]
[Round "7.17"]
[White "Kmiecik, Wojciech"]
[Black "Siedlinski, Piotr"]
[Result "1/2-1/2"]
[WhiteElo "1984"]
[BlackElo "2132"]
[PlyCount "66"]
[EventDate "2017.09.02"]
[EventType "team-swiss"]
[EventRounds "9"]
[EventCountry "POL"]
[SourceTitle "CBM 180 Extra"]
[Source "ChessBase"]
[SourceDate "2017.10.06"]
[SourceVersion "1"]
[SourceVersionDate "2017.10.06"]
[SourceQuality "1"]
[WhiteTeam "Przedwojow Debiut"]
[BlackTeam "Jaworzno"]
[WhiteTeamCountry "POL"]
[BlackTeamCountry "POL"]

1. e4 c5 2. Nf3 e6 3. d4 cxd4 4. Nxd4 Nc6 5. Nc3 Qc7 6. Be2 a6 7. 0-0 Nf6 8. Be3 Bb4 9. Nxc6 bxc6 10. Na4 Be7 11. Nb6 Rb8 12. Nxc8 Qxc8 13. e5 Nd5 14. Bc1 c5 15. c4 Nb4 16. Bf3 Qc7 17. Qe2 Nc6 18. Bxc6 Qxc6 19. Qg4 g6 20. Bh6 f6 21. exf6 Bxf6 22. Qf4 Ke7 23. Bg5 Bxg5 24. Qxg5+ Kf7 25. b3 Rhe8 26. Rad1 Kg8 27. Qe5 d5 28. cxd5 exd5 29. Qxd5+ Qxd5 30. Rxd5 Re2 31. Rxc5 Rxa2 32. Rd1 Rxb3 33. Rc7 Rd2 1/2-1/2

[Event "POL-chT 2nd League"]
[Site "Szklarska Poreba"]
[Date "2017.09.07"]
[Round "6.17"]
[White "Kmiecik, Wojciech"]
[Black "Wozniak, Grzegorz"]
[Result "1/2-1/2"]
[WhiteElo "1984"]
[BlackElo "1694"]
[PlyCount "155"]
[EventDate "2017.09.02"]
[EventType "team-swiss"]
[EventRounds "9"]
[EventCountry "POL"]
[SourceTitle "CBM 180 Extra"]
[Source "ChessBase"]
[SourceDate "2017.10.06"]
[SourceVersion "1"]
[SourceVersionDate "2017.10.06"]
[SourceQuality "1"]
[WhiteTeam "Przedwojow Debiut"]
[BlackTeam "Rzeszow"]
[WhiteTeamCountry "POL"]
[BlackTeamCountry "POL"]

1. d4 d5 2. c4 dxc4 3. e3 Nf6 4. Nc3 e6 5. Nf3 c5 6. Bxc4 Nc6 7. 0-0 a6 8. a3 Be7 9. dxc5 Qxd1 10. Rxd1 Bxc5 11. b4 Be7 12. Nd4 Nxd4 13. exd4 b5 14. Bb3 Bb7 15. Bf4 Rc8 16. Rac1 0-0 17. f3 Rfd8 18. Kf2 h6 19. Ne2 Bd5 20. Rxc8 Rxc8 21. Rc1 Rxc1 22. Nxc1 Bxb3 23. Nxb3 Nd5 24. Bd2 Kf8 25. Ke2 Ke8 26. Nc5 Bxc5 27. dxc5 Kd7 28. Kd3 Ne7 29. g4 Nc6 30. Ke4 f6 31. h4 Ne5 32. g5 hxg5 33. hxg5 Nc6 34. Kf4 Ke7 35. Bc3 Kf7 36. gxf6 gxf6 37. Ke4 Kg6 38. Kf4 Kf7 39. Kg4 Kg6 40. Bb2 e5 41. Bc3 f5+ 42. Kh4 Kf7 43. Kg5 Ke6 44. Bb2 Ne7 45. Bc3 e4 46. fxe4 fxe4 47. Be1 Nc6 48. Kf4 Kd5 49. Ke3 Ne5 50. Bc3 Nc4+ 51. Kf4 Nxa3 52. c6 Kxc6 53. Kxe4 Nc4 54. Be1 Nd6+ 55. Kd4 Nb7 56. Ke4 Nd6+ 57. Kd4 Nf5+ 58. Ke4 Ng7 59. Kd4 Ne6+ 60. Ke4 Ng5+ 61. Kf4 Nf7 62. Ke4 Nd8 63. Ke5 a5 64. bxa5 Kb7 65. Kd5 Ka6 66. Kd4 Nc6+ 67. Kc3 Kxa5 68. Kb3+ Kb6 69. Bf2+ Kc7 70. Bc5 Na5+ 71. Kb4 Kc6 72. Bf2 Nc4 73. Bd4 Nd6 74. Be5 Nf5 75. Bc3 Ne7 76. Bd2 Nd5+ 77. Kb3 Kc5 78. Bh6 1/2-1/2

[Event "POL-chT3 Dolnoslaskie 1617"]
[Site "Poland"]
[Date "2016.10.16"]
[Round "1.8"]
[White "Kmiecik, Wojciech"]
[Black "Kolasinski, Krzysztof"]
[Result "1/2-1/2"]
[WhiteElo "1975"]
[BlackElo "2087"]
[PlyCount "82"]
[EventDate "2016.10.16"]
[EventType "team-tourn"]
[EventRounds "11"]
[EventCountry "POL"]
[SourceTitle "EXT 2018"]
[Source "ChessBase"]
[SourceDate "2017.10.13"]
[SourceVersion "1"]
[SourceVersionDate "2017.10.13"]
[SourceQuality "1"]

1. e4 c5 2. Nf3 Nc6 3. d4 cxd4 4. Nxd4 Nf6 5. Nc3 e5 6. Ndb5 d6 7. Bg5 a6 8. Na3 b5 9. Nd5 Be7 10. Bxf6 Bxf6 11. c4 b4 12. Nc2 a5 13. g3 Bg5 14. Bg2 0-0 15. h4 Bh6 16. 0-0 Be6 17. b3 Bxd5 18. Qxd5 Ne7 19. Qd3 Qb6 20. a3 bxa3 21. Rxa3 Rab8 22. Rd1 Rfd8 23. Qc3 Nc6 24. Rd5 g6 25. Bh3 Qb7 26. Qd3 Qc7 27. Ra1 Bf8 28. h5 Rb6 29. Rb5 Rdb8 30. hxg6 hxg6 31. Ne3 Nb4 32. Rxb4 Rxb4 33. Nd5 Qc5 34. Nxb4 Rxb4 35. Bd7 Rb8 36. Kg2 Be7 37. Bb5 Bd8 38. Rh1 Bb6 39. Qf3 Kg7 40. g4 f6 41. Rh2 Qd4 1/2-1/2

[Event "POL-chT3 Dolnoslaskie 1415"]
[Site "Poland"]
[Date "2015.01.11"]
[Round "5.2"]
[White "Sokolski, Aleksander"]
[Black "Kmiecik, Wojciech"]
[Result "0-1"]
[WhiteElo "1997"]
[BlackElo "2007"]
[PlyCount "83"]
[EventDate "2014.10.26"]
[EventType "team-tourn"]
[EventRounds "11"]
[EventCountry "POL"]
[SourceTitle "EXT 2018"]
[Source "ChessBase"]
[SourceDate "2017.10.13"]
[SourceVersion "1"]
[SourceVersionDate "2017.10.13"]
[SourceQuality "1"]
[WhiteTeam "Wroclaw KS Polonia"]
[BlackTeam "Przedwojow Debiut"]
[WhiteTeamCountry "POL"]
[BlackTeamCountry "POL"]

1. c4 e6 2. Nc3 Nf6 3. d4 Bb4 4. Bg5 c5 5. d5 d6 6. e3 Qa5 7. Bxf6 gxf6 8. Nge2 Na6 9. a3 Bxc3+ 10. Nxc3 e5 11. e4 Nc7 12. Be2 Rg8 13. g3 Bd7 14. Qd2 Ke7 15. f4 a6 16. 0-0 Raf8 17. fxe5 fxe5 18. Qh6 Ne8 19. Qxh7 Rg7 20. Qh6 f5 21. exf5 Rgf7 22. Qg5+ Nf6 23. Ne4 Rg8 24. Qh4 Rgg7 25. Nxf6 Rxf6 26. Qh8 Rgf7 27. Bh5 Rf8 28. Qh7+ Kd8 29. Rf2 Qa4 30. Rc1 b5 31. g4 Qb3 32. Bg6 Qd3 33. Qh4 Qe3 34. Rcf1 Qd4 35. Qh6 Qxg4+ 36. Rg2 Qd4+ 37. Kh1 Qxc4 38. Rd1 Bxf5 39. Qg5 Bxg6 40. Rf2 Ke7 41. h4 Bf5 42. Rdf1 0-1

[Event "Lazy op-A 6th"]
[Site "Lazy"]
[Date "2010.07.02"]
[Round "7"]
[White "Kucypera, Malgorzata"]
[Black "Kmiecik, Wojciech"]
[Result "1/2-1/2"]
[WhiteElo "2068"]
[BlackElo "2026"]
[PlyCount "21"]
[EventDate "2010.06.27"]
[EventType "swiss"]
[EventRounds "9"]
[EventCountry "POL"]
[SourceTitle "CBM 137 Extra"]
[Source "ChessBase"]
[SourceDate "2010.09.01"]
[SourceVersion "1"]
[SourceVersionDate "2010.09.01"]
[SourceQuality "1"]

1. e4 e6 2. d4 d5 3. Nd2 Nf6 4. e5 Nfd7 5. Bd3 c5 6. c3 Nc6 7. Ne2 cxd4 8. cxd4 f6 9. exf6 Qxf6 10. Nf3 h6 11. 0-0 1/2-1/2

[Event "Lazy op-A 6th"]
[Site "Lazy"]
[Date "2010.06.30"]
[Round "4"]
[White "Kukula, Pawel"]
[Black "Kmiecik, Wojciech"]
[Result "1-0"]
[WhiteElo "2261"]
[BlackElo "2026"]
[PlyCount "119"]
[EventDate "2010.06.27"]
[EventType "swiss"]
[EventRounds "9"]
[EventCountry "POL"]
[SourceTitle "CBM 137 Extra"]
[Source "ChessBase"]
[SourceDate "2010.09.01"]
[SourceVersion "1"]
[SourceVersionDate "2010.09.01"]
[SourceQuality "1"]

1. d4 e6 2. Nf3 Nf6 3. Nbd2 d5 4. e3 Be7 5. Bd3 Nbd7 6. 0-0 0-0 7. c3 c5 8. Ne5 Nxe5 9. dxe5 Nd7 10. f4 f5 11. exf6 Bxf6 12. e4 c4 13. Bc2 Nc5 14. e5 Be7 15. Nf3 g6 16. Nd4 Bd7 17. Qg4 Qe8 18. f5 exf5 19. Bxf5 Bxf5 20. Nxf5 Qd7 21. Nxe7+ Qxe7 22. Bh6 Rxf1+ 23. Rxf1 Qe6 24. Qf3 Nd7 25. h3 Re8 26. a4 b6 27. Rf2 Rd8 28. h4 Rc8 29. Qf4 Rd8 30. g4 Re8 31. Qf3 Rd8 32. Kg2 Re8 33. Kh3 Rd8 34. Rf1 Re8 35. Rd1 Nxe5 36. Qxd5 Qxd5 37. Rxd5 Nf7 38. Bf4 Rd8 39. Rb5 Rd3+ 40. Kg2 Nd8 41. Rb4 Nb7 42. Rxc4 Nc5 43. a5 Kf7 44. b4 Ne6 45. axb6 axb6 46. Bh6 Kf6 47. Rc6 b5 48. Bf4 h5 49. gxh5 gxh5 50. Bg3 Kf5 51. Rc8 Kg4 52. Rg8+ Kf5 53. Rb8 Rd5 54. Kf2 Ke4 55. Ke2 Nf4+ 56. Bxf4 Kxf4 57. Rg8 Re5+ 58. Kd2 Kf3 59. Rg5 Re2+ 60. Kd3 1-0

[Event "Lubawka op 3rd"]
[Site "Lubawka"]
[Date "2008.07.07"]
[Round "4"]
[White "Wallgren, Ulf"]
[Black "Kmiecik, Wojciech"]
[Result "1-0"]
[WhiteElo "2083"]
[BlackElo "1998"]
[PlyCount "99"]
[EventDate "2008.07.05"]
[EventType "swiss"]
[EventRounds "9"]
[EventCountry "POL"]
[SourceTitle "CBM 125 Extra"]
[Source "ChessBase"]
[SourceDate "2008.09.01"]
[SourceVersion "1"]
[SourceVersionDate "2008.09.01"]
[SourceQuality "1"]

1. e4 e6 2. d4 d5 3. e5 c5 4. c3 Qb6 5. Nf3 Nc6 6. a3 a5 7. Bd3 Bd7 8. 0-0 Nh6 9. Bxh6 gxh6 10. Qd2 c4 11. Be2 a4 12. Qc2 Bg7 13. Nbd2 Na5 14. Rae1 0-0-0 15. Nh4 f5 16. exf6 Bxf6 17. Nhf3 Qd6 18. Bd1 Qf4 19. Ne5 Bxe5 20. dxe5 b5 21. g3 Qf8 22. Nf3 Nc6 23. Qd2 Qg7 24. Qe3 Kb7 25. Qc5 Ka6 26. Nd4 Nxd4 27. Qxd4 Be8 28. Re3 Rf8 29. Bg4 Qe7 30. Rf3 Bg6 31. Rf6 Rxf6 32. exf6 Qd6 33. Re1 Bf7 34. f4 h5 35. Bh3 Re8 36. Re5 Qb6 37. Qxb6+ Kxb6 38. f5 exf5 39. Rxe8 Bxe8 40. Bxf5 Bf7 41. Kf2 Kc6 42. Ke3 Kd6 43. Kd4 h6 44. Bh3 Bg8 45. Bg2 Be6 46. Bf3 Bf7 47. h4 Kc6 48. Ke5 Kc5 49. Bg2 Kc6 50. Bh3 1-0

[Event "Lubawka op 3rd"]
[Site "Lubawka"]
[Date "2008.07.05"]
[Round "1"]
[White "Jansen, Christof"]
[Black "Kmiecik, Wojciech"]
[Result "1-0"]
[WhiteElo "2276"]
[BlackElo "1998"]
[PlyCount "89"]
[EventDate "2008.07.05"]
[EventType "swiss"]
[EventRounds "9"]
[EventCountry "POL"]
[SourceTitle "CBM 125 Extra"]
[Source "ChessBase"]
[SourceDate "2008.09.01"]
[SourceVersion "1"]
[SourceVersionDate "2008.09.01"]
[SourceQuality "1"]

1. d3 d5 2. g3 Nf6 3. Bg2 e6 4. e4 c5 5. Nc3 Be7 6. Bg5 d4 7. Nce2 Nc6 8. h3 Nd7 9. Bd2 a5 10. f4 a4 11. a3 b5 12. Nf3 Ba6 13. 0-0 h6 14. g4 Qb6 15. e5 0-0-0 16. b3 axb3 17. cxb3 g5 18. fxg5 hxg5 19. Bxg5 Rdg8 20. Bxe7 Nxe7 21. Nf4 Bb7 22. Qe2 Nd5 23. Nxd5 Bxd5 24. b4 c4 25. Rac1 Kb8 26. Qf2 Ka7 27. Nxd4 Bxg2 28. Kxg2 Nxe5 29. Nxb5+ Ka6 30. Qxb6+ Kxb6 31. dxc4 f5 32. Rfe1 Nxc4 33. Rxc4 Kxb5 34. Rf4 Rh6 35. Re5+ Kc6 36. Rc5+ Kd6 37. Rd4+ Ke7 38. Rf4 Kf6 39. b5 Rh4 40. b6 Rb8 41. Rb5 Kg5 42. Rf3 Kf6 43. a4 Rb7 44. a5 Rd7 45. a6 1-0

[Event "Poznan op 16th"]
[Site "Poznan"]
[Date "2007.07.27"]
[Round "7"]
[White "Sieciechowicz, Marcin"]
[Black "Kmiecik, Wojciech"]
[Result "1-0"]
[WhiteElo "2214"]
[BlackElo "2036"]
[PlyCount "70"]
[EventDate "2007.07.21"]
[EventType "swiss"]
[EventRounds "9"]
[EventCountry "POL"]
[SourceTitle "EXT 2010"]
[Source "ChessBase"]
[SourceDate "2010.11.25"]
[SourceVersion "1"]
[SourceVersionDate "2010.11.25"]
[SourceQuality "1"]

1. d4 e6 2. c4 Nf6 3. Nc3 Bb4 4. f3 c5 5. d5 d6 6. e4 0-0 7. Bd3 a6 8. Nge2 Nbd7 9. 0-0 Ne5 10. Bg5 h6 11. Bh4 Ng6 12. Bf2 Bxc3 13. Nxc3 e5 14. a3 a5 15. Rb1 Nh5 16. g3 Qg5 17. Kh1 Bh3 18. Rg1 Qd8 19. f4 Nf6 20. f5 Bg4 21. Be2 Bxe2 22. Qxe2 Ne7 23. b4 axb4 24. axb4 b6 25. Qb2 Qd7 26. g4 g5 27. h3 Ra6 28. bxc5 bxc5 29. Qb7 Rfa8 30. Qxd7 Nxd7 31. Rb7 R8a7 32. Rgb1 Nc8 33. Kg2 Ndb6 34. Rb8 Ra8 35. R1xb6 R8a7 1-0

[Event "Poznan op 16th"]
[Site "Poznan"]
[Date "2007.07.26"]
[Round "6"]
[White "Markowski, Piotr"]
[Black "Kmiecik, Wojciech"]
[Result "0-1"]
[WhiteElo "2061"]
[BlackElo "2036"]
[PlyCount "100"]
[EventDate "2007.07.21"]
[EventType "swiss"]
[EventRounds "9"]
[EventCountry "POL"]
[SourceTitle "EXT 2010"]
[Source "ChessBase"]
[SourceDate "2010.11.25"]
[SourceVersion "1"]
[SourceVersionDate "2010.11.25"]
[SourceQuality "1"]

1. c4 e6 2. Nc3 d5 3. cxd5 exd5 4. g3 Nf6 5. Bg2 c6 6. Qc2 Bd6 7. Nf3 0-0 8. 0-0 Nbd7 9. d3 Ne5 10. Nxe5 Bxe5 11. f4 Bxc3 12. bxc3 Qb6+ 13. Kh1 Ng4 14. e4 dxe4 15. Bxe4 Nf6 16. Bg2 Bf5 17. Qd1 Rfe8 18. d4 Be4 19. f5 Bxg2+ 20. Kxg2 Qb5 21. Qf3 Re2+ 22. Kg1 h6 23. Bf4 Rae8 24. Be5 Nd7 25. Rab1 Nxe5 26. dxe5 Qc5+ 27. Kh1 R8xe5 28. Rfd1 Rf2 29. Rd8+ Kh7 30. Qd3 Ree2 31. Rd4 Rxh2+ 32. Kg1 Rd2 33. Qf3 Rxd4 34. Kxh2 Rd2+ 35. Kh1 Rf2 36. Qd3 b6 37. a4 Qxf5 38. Qxf5+ Rxf5 39. Kg2 Rc5 40. Rb3 f5 41. Kf3 g5 42. Kg2 Kg6 43. Kh3 Kf6 44. Kg2 Ke5 45. Kf3 Kd5 46. Ra3 Kc4 47. Ke3 a5 48. Kd2 Rd5+ 49. Kc2 Rd3 50. Rb3 Rd2+ 0-1

[Event "Poznan op 16th"]
[Site "Poznan"]
[Date "2007.07.23"]
[Round "3"]
[White "Kmiecik, Wojciech"]
[Black "Stachowiak, Slawomir"]
[Result "1/2-1/2"]
[WhiteElo "2036"]
[BlackElo "2068"]
[PlyCount "72"]
[EventDate "2007.07.21"]
[EventType "swiss"]
[EventRounds "9"]
[EventCountry "POL"]
[SourceTitle "EXT 2010"]
[Source "ChessBase"]
[SourceDate "2010.11.25"]
[SourceVersion "1"]
[SourceVersionDate "2010.11.25"]
[SourceQuality "1"]

1. d4 d5 2. Nf3 Nf6 3. c4 e6 4. Nc3 Nbd7 5. Bg5 Be7 6. e3 0-0 7. Bd3 Re8 8. 0-0 c6 9. Bh4 Nf8 10. Ne5 N6d7 11. Nxd7 Bxd7 12. Bg3 Bf6 13. Qb3 b6 14. Rac1 a6 15. Rc2 Be7 16. cxd5 exd5 17. Na4 b5 18. Nc5 Bxc5 19. Rxc5 Ne6 20. Rc3 Ng5 21. Rcc1 Ne4 22. Qc2 g6 23. Bxe4 Rxe4 24. Qd2 Re6 25. Rc5 Qb6 26. Rfc1 Rae8 27. Qb4 a5 28. Qd2 a4 29. Qb4 Ra8 30. Be5 f6 31. Bg3 Kf7 32. R5c3 Ra6 33. Bf4 g5 34. Bg3 Qa5 35. Qc5 Qb6 36. Qb4 Qa5 1/2-1/2

[Event "Poznan op 16th"]
[Site "Poznan"]
[Date "2007.07.21"]
[Round "1"]
[White "Kmiecik, Wojciech"]
[Black "Van Zutphen, Jimmy"]
[Result "1-0"]
[WhiteElo "2036"]
[BlackElo "2210"]
[PlyCount "83"]
[EventDate "2007.07.21"]
[EventType "swiss"]
[EventRounds "9"]
[EventCountry "POL"]
[SourceTitle "EXT 2010"]
[Source "ChessBase"]
[SourceDate "2010.11.25"]
[SourceVersion "1"]
[SourceVersionDate "2010.11.25"]
[SourceQuality "1"]

1. d4 d5 2. Nf3 Bf5 3. c4 e6 4. Nc3 Nf6 5. e3 c6 6. Bd3 Bg6 7. 0-0 Bd6 8. Re1 Ne4 9. Qc2 Nxc3 10. Qxc3 Bxd3 11. Qxd3 f5 12. Rb1 0-0 13. b4 a6 14. a4 Nd7 15. Bd2 Rf6 16. b5 axb5 17. axb5 Rh6 18. c5 Bxh2+ 19. Kf1 Bc7 20. b6 Rh1+ 21. Ke2 Rxe1+ 22. Rxe1 Bb8 23. Qc3 g5 24. Ra1 Rxa1 25. Qxa1 g4 26. Ne1 Nf6 27. Qa8 Qc8 28. Nd3 Ne4 29. Be1 Kf7 30. f3 gxf3+ 31. gxf3 Nf6 32. Bg3 e5 33. Nxe5+ Ke6 34. Nd3 Nd7 35. Bc7 h5 36. Nf4+ Kf6 37. Nxh5+ Kg5 38. Nf4 Qh8 39. Bxb8 Qh2+ 40. Kd3 Qb2 41. Qxb7 Nxb8 42. Qg7+ 1-0

[Event "Lubawka op 2nd"]
[Site "Lubawka"]
[Date "2007.07.11"]
[Round "8"]
[White "Sokolski, Aleksander"]
[Black "Kmiecik, Wojciech"]
[Result "1/2-1/2"]
[WhiteElo "1824"]
[BlackElo "2036"]
[PlyCount "105"]
[EventDate "2007.07.07"]
[EventType "swiss"]
[EventRounds "9"]
[EventCountry "POL"]
[SourceTitle "CBM 119 Extra"]
[Source "ChessBase"]
[SourceDate "2007.09.04"]
[SourceVersion "1"]
[SourceVersionDate "2007.09.04"]
[SourceQuality "1"]

1. c4 Nf6 2. Nc3 e6 3. d4 Bb4 4. a3 Bxc3+ 5. bxc3 c5 6. e3 0-0 7. Nf3 d6 8. Bd3 Qc7 9. 0-0 h6 10. Qc2 Nc6 11. e4 e5 12. d5 Ne7 13. Ne1 Ng6 14. Be2 Qe7 15. Be3 Ng4 16. Bxg4 Bxg4 17. f3 Bd7 18. Nd3 f5 19. Rab1 Rab8 20. Qd2 f4 21. Bf2 Qg5 22. Kh1 Qh5 23. Bxc5 dxc5 24. Nxc5 Rf7 25. Nxb7 Nh4 26. Rf2 Bc8 27. c5 Rbxb7 28. Rd1 Rbc7 29. c6 Qg6 30. Qb2 Qd6 31. Rfd2 Rf6 32. c4 Ng6 33. Qb5 Rxc6 34. Qxc6 Qxc6 35. dxc6 Rxc6 36. Rd6 Rxd6 37. Rxd6 Kf7 38. Rd8 Ne7 39. c5 Ke6 40. Rd6+ Kf7 41. Rd8 Ke6 42. Rd6+ Kf7 43. Rd8 a6 44. Kg1 Bb7 45. Kf2 Bc6 46. Rd6 Bb5 47. g3 fxg3+ 48. hxg3 Nc6 49. f4 Ke7 50. f5 Nd4 51. g4 Bc4 52. Rb6 Bb5 53. Rd6 1/2-1/2

[Event "Lubawka op 2nd"]
[Site "Lubawka"]
[Date "2007.07.08"]
[Round "3"]
[White "Kmiecik, Wojciech"]
[Black "Mackiewicz, Piotr"]
[Result "1-0"]
[WhiteElo "2036"]
[BlackElo "1777"]
[PlyCount "189"]
[EventDate "2007.07.07"]
[EventType "swiss"]
[EventRounds "9"]
[EventCountry "POL"]
[SourceTitle "CBM 119 Extra"]
[Source "ChessBase"]
[SourceDate "2007.09.04"]
[SourceVersion "1"]
[SourceVersionDate "2007.09.04"]
[SourceQuality "1"]

1. d4 c6 2. Nf3 d5 3. c4 Nf6 4. Nc3 e6 5. e3 Bd6 6. Qc2 Nbd7 7. Be2 0-0 8. 0-0 a6 9. Rd1 b5 10. e4 Nxe4 11. Nxe4 dxe4 12. Qxe4 Bb7 13. c5 Nf6 14. Qh4 Be7 15. Bd3 Qd5 16. Bxh7+ Nxh7 17. Qxe7 Rab8 18. Bf4 Rfe8 19. Qd6 Rbd8 20. Qxd5 Rxd5 21. Rd2 f6 22. Re1 Kf7 23. Bd6 g5 24. Ree2 Nf8 25. Ne1 Ng6 26. Nc2 a5 27. Ne3 Rxd6 28. cxd6 Rd8 29. g3 Rxd6 30. Rd1 Ne7 31. f3 Ba6 32. Rc2 b4 33. Kf2 Nc8 34. Rc5 Nb6 35. Rxa5 Bb5 36. Ra7+ Kg6 37. Rb7 Na4 38. Rd2 Rd8 39. Ke1 f5 40. f4 g4 41. d5 exd5 42. Nxd5 Re8+ 43. Kf2 Nc5 44. Rxb5 Ne4+ 45. Kg1 Nxd2 46. Rb6 Nf3+ 47. Kf2 Nd4 48. Ne3 Rh8 49. Rxb4 Rxh2+ 50. Ng2 c5 51. Rc4 Ne6 52. b4 cxb4 53. Rxb4 Rh1 54. a4 Ra1 55. Rc4 Ra2+ 56. Kg1 Kf6 57. Ne3 Rd2 58. Rc2 Rd3 59. Rc3 Rd2 60. Rc6 Ra2 61. Ra6 Ra3 62. Kf2 Kf7 63. Nxf5 Nc5 64. Ra5 Ne4+ 65. Kg2 Ke6 66. Re5+ Kf6 67. Rxe4 Kxf5 68. Re5+ Kf6 69. Rg5 Ra2+ 70. Kf1 Rxa4 71. Rxg4 Kf5 72. Rg5+ Ke4 73. Kg2 Ra2+ 74. Kh3 Kf3 75. Rb5 Ra1 76. Rb3+ Ke4 77. Kg4 Ra8 78. Rb5 Rg8+ 79. Rg5 Rf8 80. Rg6 Rh8 81. Kg5 Rf8 82. Re6+ Kf3 83. f5 Rg8+ 84. Rg6 Rd8 85. g4 Rd4 86. Kh6 Kf4 87. f6 Rd7 88. g5 Kf5 89. Rg7 Rd4 90. Kh7 Ke6 91. Re7+ Kf5 92. f7 Rd8 93. Kg7 Kxg5 94. f8Q Rxf8 95. Kxf8 1-0

[Event "POL Academic Cup 2nd"]
[Site "Wroclaw"]
[Date "2007.04.30"]
[Round "4"]
[White "Buzun, Michal"]
[Black "Kmiecik, Wojciech"]
[Result "1/2-1/2"]
[WhiteElo "1858"]
[BlackElo "2049"]
[PlyCount "63"]
[EventDate "2007.04.28"]
[EventType "swiss"]
[EventRounds "9"]
[EventCountry "POL"]
[SourceTitle "EXT 2011"]
[Source "ChessBase"]
[SourceDate "2010.11.26"]
[SourceVersion "1"]
[SourceVersionDate "2010.11.26"]
[SourceQuality "1"]

1. e4 e6 2. d4 d5 3. Nc3 Bb4 4. Qd3 c5 5. dxc5 dxe4 6. Qxe4 Bxc3+ 7. bxc3 Nc6 8. Bd3 Nf6 9. Qh4 Qa5 10. Ne2 Qxc5 11. 0-0 Ne7 12. Rb1 0-0 13. Rb5 Ng6 14. Qxh7+ Kxh7 15. Rxc5 Nd5 16. Be4 b6 17. Bxd5 exd5 18. Rxd5 Be6 19. Rh5+ Kg8 20. Nf4 Nxf4 21. Bxf4 Bxa2 22. Be3 Rfd8 23. h3 Rd6 24. Ra1 Bc4 25. Rh4 b5 26. Rxa7 Rd1+ 27. Kh2 Rxa7 28. Bxa7 Rd2 29. Rd4 Rxc2 30. Rd8+ Kh7 31. Bd4 Re2 32. g4 1/2-1/2